000084726 001__ 84726
000084726 005__ 20201006083422.0
000084726 0248_ $$2sideral$$a114045
000084726 037__ $$aART-2019-114045
000084726 041__ $$aspa
000084726 100__ $$0(orcid)0000-0002-2411-9538$$aMiguel-Berges, María L.$$uUniversidad de Zaragoza
000084726 245__ $$aComportamientos sedentarios en niños Europeos en edad preescolar y su relación con la ingesta de alimentos
000084726 260__ $$c2019
000084726 5060_ $$aAccess copy available to the general public$$fUnrestricted
000084726 5203_ $$a[No abstract available]
000084726 540__ $$9info:eu-repo/semantics/openAccess$$aby-sa$$uhttp://creativecommons.org/licenses/by-sa/3.0/es/
000084726 592__ $$a0.149$$b2019
000084726 593__ $$aNutrition and Dietetics$$c2019$$dQ4
000084726 593__ $$aFood Science$$c2019$$dQ4
000084726 655_4 $$ainfo:eu-repo/semantics/conferenceObject$$vinfo:eu-repo/semantics/publishedVersion
000084726 700__ $$0(orcid)0000-0002-0303-7912$$aSantaliestra-Pasias, Alba$$uUniversidad de Zaragoza
000084726 700__ $$0(orcid)0000-0003-0454-653X$$aMoreno Aznar, Luis$$uUniversidad de Zaragoza
000084726 7102_ $$11006$$2255$$aUniversidad de Zaragoza$$bDpto. Fisiatría y Enfermería$$cÁrea Enfermería
000084726 773__ $$g23, Supl. 1 (2019), 147-148$$pRev. esp. nutr. hum. diet.$$tRevista española de nutrición humana y dietética$$x2173-1292
000084726 85641 $$uhttp://renhyd.org/index.php/renhyd/issue/viewIssue/47/14$$zTexto completo de la revista
000084726 8564_ $$s147529$$uhttps://zaguan.unizar.es/record/84726/files/texto_completo.pdf$$yVersión publicada
000084726 8564_ $$s96155$$uhttps://zaguan.unizar.es/record/84726/files/texto_completo.jpg?subformat=icon$$xicon$$yVersión publicada
000084726 909CO $$ooai:zaguan.unizar.es:84726$$particulos$$pdriver
000084726 951__ $$a2020-10-06-08:31:13
000084726 980__ $$aARTICLE